A geographical history of the Qur'an, Volume-1/ (Record no. 20760)
[ view plain ]
| 000 -LEADER | |
|---|---|
| fixed length control field | 00642cam a2200229u 4500 |
| 001 - CONTROL NUMBER | |
| control field | 8511852 |
| 003 - CONTROL NUMBER IDENTIFIER | |
| control field | BDDh-ASL |
| 005 - DATE AND TIME OF LATEST TRANSACTION | |
| control field | 20231015025931.0 |
| 008 - FIXED-LENGTH DATA ELEMENTS--GENERAL INFORMATION | |
| fixed length control field | 821217m19851936ii b 000 0 eng |
| 010 ## - LIBRARY OF CONGRESS CONTROL NUMBER | |
| LC control number | 72221787 |
| 040 ## - CATALOGING SOURCE | |
| Original cataloging agency | DLC |
| Transcribing agency | CarP |
| Modifying agency | DLC |
| -- | BDDh-ASL |
| 050 00 - LIBRARY OF CONGRESS CALL NUMBER | |
| Classification number | BP131.2 |
| Item number | .N3 |
| 082 ## - DEWEY DECIMAL CLASSIFICATION NUMBER | |
| Classification number | 297.12 |
| Item number | SYG |
| 100 1# - MAIN ENTRY--PERSONAL NAME | |
| Personal name | Nadvi, Muzaffar Uddin, |
| Titles and words associated with a name | Syed, |
| Dates associated with a name | 1900- |
| 245 12 - TITLE STATEMENT | |
| Title | A geographical history of the Qur'an, Volume-1/ |
| 260 ## - PUBLICATION, DISTRIBUTION, ETC. | |
| Place of publication, distribution, etc. | Calcutta: |
| Date of publication, distribution, etc. | 1936- |
| 300 ## - PHYSICAL DESCRIPTION | |
| Extent | 143 p.: |
| Other physical details | maps. |
| Dimensions | 22 cm. |
| 504 ## - BIBLIOGRAPHY, ETC. NOTE | |
| Bibliography, etc. note | Include Index |
| 630 00 - SUBJECT ADDED ENTRY--UNIFORM TITLE | |
| Uniform title | Qurʼan |
| General subdivision | Geography. |
| 906 ## - LOCAL DATA ELEMENT F, LDF (RLIN) | |
| a | 0 |
| b | cbc |
| c | premunv |
| d | u |
| e | ncip |
| f | 19 |
| g | y-gencatlg |
| 942 ## - ADDED ENTRY ELEMENTS (KOHA) | |
| Source of classification or shelving scheme | Dewey Decimal Classification |
| Koha item type | Books |
| Withdrawn status | Lost status | Source of classification or shelving scheme | Damaged status | Not for loan | Collection code | Home library | Current library | Shelving location | Date acquired | Source of acquisition | Total Checkouts | Full call number | Barcode | Date last seen | Copy number | Price effective from | Koha item type |
|---|---|---|---|---|---|---|---|---|---|---|---|---|---|---|---|---|---|
| Dewey Decimal Classification | Non-fiction | Asiatic Society Library | Asiatic Society Library | General Stacks | 01/13/2021 | ASB Collection | 297.12 SYG | 104241 | 01/13/2021 | C-2 | 01/13/2021 | Books |